000
00300nam a2200121 a 4500
005
20140513081053.0
008
031023s19uu xx 00 eng d
050
_a
P
_b
SOL 2000
245
_a
Solar system.
260
_b
Mabuhay Board Games 2000,
_c
2000.
650
_a
Planets--Posters
999
_c
116418
_d
116418